000
00289nam a22001337a 4500
008
170524b xxu||||| |||| 00| 0 eng d
020
_a
2900470225966
041
_a
eng
080
_2
3RD
_a
62
100
_a
26
101
_a
IM
245
_a
ENGINEERING DESIGN
_c
DYM, C.L
942
_2
udc
_c
BK
999
_c
14029
_d
14029